Les politiques économiques en 32 fiches (Record no. 56660)

MARC details
000 -LEADER
fixed length control field 00575nam a22001937a 4500
005 - DATE AND TIME OF LATEST TRANSACTION
control field 20170713152822.0
008 - FIXED-LENGTH DATA ELEMENTS--GENERAL INFORMATION
fixed length control field 170713b xxu||||| |||| 00| 0 eng d
020 ## - INTERNATIONAL STANDARD BOOK NUMBER
International Standard Book Number 978-2-10-052514-0
040 ## - CATALOGING SOURCE
Original cataloging agency BUAC
Transcribing agency BUC
100 ## - MAIN ENTRY--PERSONAL NAME
Personal name Blancheton, Bertrand
245 ## - TITLE STATEMENT
Title Les politiques économiques en 32 fiches
Statement of responsibility, etc / par Bertrand Blancheteron
260 ## - PUBLICATION, DISTRIBUTION, ETC. (IMPRINT)
Place of publication, distribution, etc Paris :
Name of publisher, distributor, etc Dunod,
Date of publication, distribution, etc 2006
300 ## - PHYSICAL DESCRIPTION
Extent 155 p.
Other physical details couv. en coul. ;
Dimensions 21 cm
440 ## - SERIES STATEMENT/ADDED ENTRY--TITLE
Title (Exprss éco)
500 ## - GENERAL NOTE
General note Lexique pp (154-155)
630 ## - SUBJECT ADDED ENTRY--UNIFORM TITLE
Uniform title SCIENCES SOCIALES
650 ## - SUBJECT ADDED ENTRY--TOPICAL TERM
Topical term or geographic name as entry element politique économique
9 (RLIN) 5293
942 ## - ADDED ENTRY ELEMENTS (KOHA)
Item type Libre Accès
Holdings
Withdrawn status Lost status Damaged status Not for loan Location (home branch) Sublocation or collection (holding branch) Date acquired Source of acquisition Coded location qualifier Koha issues (times borrowed) Koha full call number Piece designation (barcode) Koha date last seen Copy number Koha item type
        Bibliothèque Universitaire Centrale Bibliothèque Universitaire Centrale 13/07/2017 Don ARES 17/198   33.2BLA 17-198Buc 13/07/2017 1 Libre Accès
        Bibliothèque Universitaire Centrale Bibliothèque Universitaire Centrale 26/02/2019 DON ARES 18/381   33.2 BLA 18-381Buc 26/02/2019 2 Libre Accès


© 2008, Bibliothèques de l'Université d'Abomey-Calavi

04 BP 789 Cotonou, Tél. : +229 21 36 01 01, Fax : +229 21 35 06 32

Courriel : bu@bu.uac.bj